Hozier Albums - Statistics

General Stats
  • This quiz has been taken 35 times
  • The average score is 31 of 43
Answer Stats
Answer % Correct
Cherry Wine - Live
97%
Take Me To Church
91%
Francesca
88%
Jackie And Wilson
84%
Work Song
84%
Be
81%
From Eden
81%
Nina Cried Power
81%
Someone New
81%
Talk
81%
Unknown / Nth
81%
Wasteland, Baby!
81%
Almost (Sweet Music)
78%
Angel Of Small Death & The Codeine Scene
78%
De Selby (Part 1)
78%
De Selby (Part 2)
78%
Like Real People Do
78%
Movement
78%
Sedated
78%
Shrike
78%
I, Carrion (Icarian)
75%
In A Week
75%
Sunlight
75%
Dinner & Diatribes
72%
First Light
72%
It Will Come Back
72%
Nobody
72%
Son of Nyx
72%
Would That I
72%
Eat Your Young
69%
First Time
69%
To Be Alone
69%
Abstract (Psychopomp)
63%
No Plan
63%
To Someone From A Warm Climate (Uiscefhuaraithe)
63%
Who We Are
63%
Damage Gets Done
59%
Foreigner's God
59%
To Noise Making (Sing)
56%
All Things End
53%
As It Was
53%
Butchered Tongue
53%
Anything But
50%
No matching quizzes found
Score Distribution
Percent of People with Each Score
Percentile by Number Answered
Your Score History
You have not taken this quiz